[Event "Budapest FS12 FM-A"]
[Site "Budapest"]
[Date "2005.12.09"]
[Round "7"]
[White "Szilardfy, Gyula"]
[Black "Rendi, Eva"]
[Result "1/2-1/2"]
[WhiteElo "2092"]
[BlackElo "2170"]
[PlyCount "71"]
[EventDate "2005.12.03"]
[EventType "tourn"]
[EventRounds "10"]
[EventCountry "HUN"]
[SourceTitle "CBM 109 Extra"]
[Source "ChessBase"]
[SourceDate "2006.01.03"]
[SourceVersion "2"]
[SourceVersionDate "2006.01.03"]
[SourceQuality "1"]

1. e4 c5 2. Nf3 d6 3. g3 Nf6 4. d3 g6 5. Bg2 Bg7 6. 0-0 0-0 7. Re1 Nc6 8. c3 Rb8 9. a4 a6 10. Nbd2 b5 11. axb5 axb5 12. d4 Nd7 13. Nb3 c4 14. Nbd2 Qc7 15. Qe2 Bb7 16. h4 Ra8 17. Rb1 b4 18. h5 Ba6 19. hxg6 hxg6 20. Nf1 Rfb8 21. Be3 Rb7 22. N1d2 Bb5 23. Rec1 Ra2 24. Bf1 bxc3 25. bxc3 Na5 26. Rb4 Ba6 27. Rxb7 Qxb7 28. Rb1 Rb2 29. Qd1 Rxb1 30. Qxb1 Qxb1 31. Nxb1 Nf6 32. Nfd2 d5 33. f3 e6 34. Be2 Kf8 35. Na3 Bb7 36. Bg5 1/2-1/2

[Event "Budapest FS12 FM-A"]
[Site "Budapest"]
[Date "2005.12.04"]
[Round "2"]
[White "Rendi, Eva"]
[Black "Szilardfy, Gyula"]
[Result "1/2-1/2"]
[WhiteElo "2170"]
[BlackElo "2092"]
[PlyCount "79"]
[EventDate "2005.12.03"]
[EventType "tourn"]
[EventRounds "10"]
[EventCountry "HUN"]
[SourceTitle "CBM 109 Extra"]
[Source "ChessBase"]
[SourceDate "2006.01.03"]
[SourceVersion "2"]
[SourceVersionDate "2006.01.03"]
[SourceQuality "1"]

1. e4 c5 2. Nf3 Nc6 3. c3 Nf6 4. e5 Nd5 5. d4 cxd4 6. Bc4 e6 7. Bxd5 exd5 8. Nxd4 d6 9. Bf4 Nxe5 10. 0-0 Be7 11. Qb3 Qa5 12. Na3 0-0 13. Rfe1 Bf6 14. Rad1 a6 15. Nac2 Bg4 16. f3 Bd7 17. Ne3 Be6 18. Bg3 g6 19. f4 Nc6 20. Nxe6 fxe6 21. Qxb7 Rac8 22. Ng4 Rc7 23. Qb3 Nd8 24. Nxf6+ Rxf6 25. Bh4 Rb7 26. Qc2 Rxf4 27. Bxd8 Qxd8 28. Rxe6 Qb6+ 29. Kh1 Rf2 30. Qd3 Qxb2 31. Qxd5 Rbf7 32. Re8+ Kg7 33. Qd4+ Kh6 34. Qd3 Qxa2 35. c4 Qc2 36. Qe3+ Kg7 37. Qd4+ Kh6 38. Qh4+ Kg7 39. Qd4+ Kh6 40. Qh4+ 1/2-1/2

[Event "Budapest FS12 FM-A"]
[Site "Budapest"]
[Date "2005.12.03"]
[Round "1"]
[White "Szilardfy, Gyula"]
[Black "Letay, Gyula"]
[Result "1/2-1/2"]
[WhiteElo "2092"]
[BlackElo "2083"]
[PlyCount "75"]
[EventDate "2005.12.03"]
[EventType "tourn"]
[EventRounds "10"]
[EventCountry "HUN"]
[SourceTitle "CBM 109 Extra"]
[Source "ChessBase"]
[SourceDate "2006.01.03"]
[SourceVersion "2"]
[SourceVersionDate "2006.01.03"]
[SourceQuality "1"]

1. g3 g6 2. Bg2 Bg7 3. d3 Nf6 4. Nf3 0-0 5. 0-0 c5 6. e4 d6 7. Re1 Nc6 8. c3 e5 9. Na3 a6 10. Nc2 Bg4 11. Bg5 h6 12. Bxf6 Qxf6 13. Ne3 Be6 14. Nd5 Bxd5 15. exd5 Ne7 16. d4 exd4 17. cxd4 Rfd8 18. dxc5 dxc5 19. Ne5 Qf5 20. f4 Nc6 21. Be4 Qf6 22. Bg2 Nd4 23. b4 b6 24. bxc5 bxc5 25. Rb1 Rab8 26. Rxb8 Rxb8 27. Nd7 Qd6 28. Nxb8 Qxb8 29. Qa4 Kh7 30. Qxa6 Nc2 31. Rf1 Bd4+ 32. Kh1 Ne3 33. Qe2 Nxf1 34. Bxf1 Qd6 35. Qc4 Kg7 36. a4 Qe7 37. Qe2 Qd6 38. Qc4 1/2-1/2

[Event "Budapest FS10 FM-A"]
[Site "Budapest"]
[Date "2005.10.09"]
[Round "8"]
[White "Jensen, Leif Haugaard"]
[Black "Szilardfy, Gyula"]
[Result "1-0"]
[WhiteElo "2166"]
[BlackElo "2077"]
[PlyCount "195"]
[EventDate "2005.10.02"]
[EventType "tourn"]
[EventRounds "10"]
[EventCountry "HUN"]
[SourceTitle "CBM 108 Extra"]
[Source "ChessBase"]
[SourceDate "2005.11.04"]
[SourceVersion "1"]
[SourceVersionDate "2005.11.04"]
[SourceQuality "1"]

1. e4 c5 2. g3 Nc6 3. Bg2 g6 4. f4 Bg7 5. d3 d6 6. c3 e5 7. Nf3 Nge7 8. Be3 0-0 9. 0-0 Rb8 10. Nbd2 b6 11. Qc2 Bd7 12. Rad1 Rc8 13. Nh4 exf4 14. Bxf4 Be6 15. Nhf3 Ne5 16. Qb1 Qd7 17. d4 cxd4 18. Nxd4 Bg4 19. N2f3 Qc7 20. Kh1 a6 21. Qc2 Qc4 22. a3 Rfd8 23. Rf2 b5 24. Rdd2 Qc7 25. h3 Bd7 26. Kh2 N7c6 27. Nxc6 Bxc6 28. Nd4 Ba8 29. Bg5 Re8 30. Bf6 Bxf6 31. Rxf6 Nd7 32. Rf4 Re7 33. Qd1 Nc5 34. Qg4 Ne6 35. Nxe6 Rxe6 36. Rdf2 Re7 37. Rf6 Rce8 38. Qf4 Bxe4 39. Qxd6 Bxg2 40. Qxc7 Rxc7 41. Kxg2 Re6 42. Rxe6 fxe6 43. Rd2 Kf7 44. Rd6 a5 45. Rb6 Rc5 46. Rb7+ Kf6 47. Rd7 h5 48. Rd4 e5 49. Re4 Rd5 50. Kf3 Rd3+ 51. Re3 Rd2 52. b3 g5 53. Ke4 Rh2 54. Kd5 Rxh3 55. Rf3+ Ke7 56. Re3 Kf6 57. Rf3+ Kg6 58. Kxe5 h4 59. Rf6+ Kg7 60. gxh4 Re3+ 61. Kd4 Rg3 62. hxg5 Rxg5 63. Rf4 Kg6 64. a4 bxa4 65. bxa4 Rg1 66. Kc4 Rb1 67. Rd4 Rb8 68. Rd5 Rc8+ 69. Rc5 Ra8 70. Kb5 Kf6 71. Rc7 Ke6 72. c4 Kd6 73. Rb7 Rc8 74. Rb6+ Kd7 75. Ra6 Rc7 76. Rxa5 Rb7+ 77. Kc5 Kc7 78. Rb5 Ra7 79. a5 Kc8 80. Kb4 Kc7 81. Rb6 Ra8 82. Kb5 Rh8 83. Rg6 Rh1 84. Rg7+ Kb8 85. c5 Rb1+ 86. Kc6 Ra1 87. Rg8+ Ka7 88. Kc7 Rxa5 89. c6 Rh5 90. Rd8 Rh1 91. Rd3 Ka6 92. Ra3+ Kb5 93. Kb7 Kb4 94. Rg3 Kc5 95. Rb3 Rh7+ 96. c7 Kd6 97. Rd3+ Kc5 98. Kb8 1-0

[Event "Budapest FS09 FM-A"]
[Site "Budapest"]
[Date "2005.09.06"]
[Round "4"]
[White "Szilardfy, Gyula"]
[Black "Katsuhara, Osamu"]
[Result "1/2-1/2"]
[WhiteElo "2114"]
[BlackElo "2029"]
[PlyCount "61"]
[EventDate "2005.09.03"]
[EventType "tourn"]
[EventRounds "9"]
[EventCountry "HUN"]
[SourceTitle "CBM 108 Extra"]
[Source "ChessBase"]
[SourceDate "2005.11.04"]
[SourceVersion "1"]
[SourceVersionDate "2005.11.04"]
[SourceQuality "1"]

1. d3 g6 2. g3 Bg7 3. Bg2 c5 4. Nf3 Nc6 5. 0-0 e6 6. c3 Nge7 7. e4 0-0 8. Na3 d5 9. Qe2 b6 10. e5 Ba6 11. Re1 h6 12. h4 Qc7 13. Bf4 Rad8 14. Nc2 b5 15. Qd2 Kh7 16. d4 cxd4 17. cxd4 Qb6 18. Bf1 Bb7 19. Bd3 h5 20. Ne3 Rh8 21. Rac1 b4 22. b3 a5 23. Bb1 Na7 24. g4 Kg8 25. gxh5 Rxh5 26. Ng4 Kf8 27. Nf6 Rh8 28. Ng5 Bxf6 29. exf6 Nec6 30. Nf3 Nb5 31. Be5 1/2-1/2

[Event "Budapest FS08 FM-A"]
[Site "Budapest"]
[Date "2005.08.16"]
[Round "11"]
[White "Szilardfy, Gyula"]
[Black "Hugyecz, Andras"]
[Result "1/2-1/2"]
[WhiteElo "2114"]
[BlackElo "2145"]
[PlyCount "116"]
[EventDate "2005.08.06"]
[EventType "tourn"]
[EventRounds "11"]
[EventCountry "HUN"]
[SourceTitle "CBM 107 Extra"]
[Source "ChessBase"]
[SourceDate "2005.09.01"]
[SourceVersion "1"]
[SourceVersionDate "2005.09.01"]
[SourceQuality "1"]

1. d3 d5 2. Nf3 c5 3. g3 Nc6 4. Bg2 Nf6 5. 0-0 e6 6. Nbd2 Be7 7. e4 a6 8. Re1 0-0 9. e5 Nd7 10. Nf1 Qc7 11. Bf4 b6 12. Ne3 Bb7 13. Nxd5 exd5 14. e6 Bd6 15. Bxd6 Qxd6 16. exd7 Qxd7 17. d4 c4 18. Qd2 f6 19. Re3 Rae8 20. Rae1 Kf7 21. h4 Rxe3 22. Rxe3 Re8 23. c3 Rxe3 24. Qxe3 Qe7 25. Nd2 Nd8 26. Nf1 Qxe3 27. Nxe3 Ke6 28. Bh3+ Kf7 29. Nf5 g6 30. Nd6+ Ke7 31. Nxb7 Nxb7 32. a4 Nd6 33. f3 b5 34. axb5 Nxb5 35. Kf2 a5 36. Ke3 a4 37. Kd2 f5 38. Bf1 a3 39. bxa3 Nxa3 40. Be2 Nb5 41. Bd1 h6 42. g4 Nd6 43. Bc2 fxg4 44. fxg4 Kf6 45. Ke3 g5 46. h5 Ke7 47. Bh7 Kd7 48. Kd2 Ne8 49. Kc2 Kd6 50. Kb2 Nc7 51. Ka3 Ne6 52. Kb4 Nf4 53. Bf5 Ng2 54. Bc8 Ne3 55. Ka3 Kc6 56. Kb2 Kc7 57. Be6 Kd6 58. Bc8 Kc7 1/2-1/2

[Event "Budapest FS08 FM-A"]
[Site "Budapest"]
[Date "2005.08.12"]
[Round "7"]
[White "Szilardfy, Gyula"]
[Black "Farkas, Laszlo"]
[Result "1-0"]
[WhiteElo "2114"]
[BlackElo "2055"]
[PlyCount "71"]
[EventDate "2005.08.06"]
[EventType "tourn"]
[EventRounds "11"]
[EventCountry "HUN"]
[SourceTitle "CBM 107 Extra"]
[Source "ChessBase"]
[SourceDate "2005.09.01"]
[SourceVersion "1"]
[SourceVersionDate "2005.09.01"]
[SourceQuality "1"]

1. d3 c5 2. g3 Nc6 3. Nf3 b6 4. Bg2 Bb7 5. 0-0 Qc7 6. e4 g6 7. Nc3 Bg7 8. Nd5 Qb8 9. c3 e6 10. Ne3 Nge7 11. Re1 Qc7 12. d4 cxd4 13. cxd4 Nc8 14. Qc2 Qd8 15. Qd1 0-0 16. d5 Nb4 17. a3 Na6 18. Nd4 Nc5 19. Nb3 Qe7 20. Nxc5 Qxc5 21. Rb1 Qc7 22. Bd2 e5 23. Rc1 Qb8 24. Bh3 d6 25. Qc2 Re8 26. Qc7 Bf8 27. Bd7 Re7 28. Ng4 Qxc7 29. Rxc7 Rxd7 30. Rxd7 b5 31. Rxb7 Nb6 32. Nh6+ Bxh6 33. Bxh6 f5 34. f3 Rc8 35. Rg7+ Kh8 36. Rxa7 1-0

[Event "Budapest FS08 FM-A"]
[Site "Budapest"]
[Date "2005.08.08"]
[Round "3"]
[White "Szilardfy, Gyula"]
[Black "Borda, Lajos"]
[Result "1/2-1/2"]
[WhiteElo "2114"]
[BlackElo "2211"]
[PlyCount "20"]
[EventDate "2005.08.06"]
[EventType "tourn"]
[EventRounds "11"]
[EventCountry "HUN"]
[SourceTitle "CBM 107 Extra"]
[Source "ChessBase"]
[SourceDate "2005.09.01"]
[SourceVersion "1"]
[SourceVersionDate "2005.09.01"]
[SourceQuality "1"]

1. g3 e5 2. d3 d5 3. Nf3 Nd7 4. Bg2 Ngf6 5. 0-0 Bd6 6. Nc3 c6 7. Nd2 Nf8 8. e4 d4 9. Ne2 Be6 10. c3 b5 1/2-1/2

[Event "Budapest FS08 FM-A"]
[Site "Budapest"]
[Date "2005.08.07"]
[Round "2"]
[White "Kopaloff, Nick"]
[Black "Szilardfy, Gyula"]
[Result "1/2-1/2"]
[WhiteElo "2053"]
[BlackElo "2114"]
[PlyCount "53"]
[EventDate "2005.08.06"]
[EventType "tourn"]
[EventRounds "11"]
[EventCountry "HUN"]
[SourceTitle "CBM 107 Extra"]
[Source "ChessBase"]
[SourceDate "2005.09.01"]
[SourceVersion "1"]
[SourceVersionDate "2005.09.01"]
[SourceQuality "1"]

1. e4 c5 2. Nf3 Nc6 3. d4 cxd4 4. Nxd4 Nf6 5. Nc3 d6 6. Bc4 Qb6 7. Nb3 e6 8. Be3 Qc7 9. f4 a6 10. a4 b6 11. 0-0 Be7 12. Be2 0-0 13. Bf3 Rb8 14. Qe2 Re8 15. g4 Bf8 16. Rad1 Na5 17. Nd4 Bb7 18. Qg2 Nc4 19. Bc1 Rbc8 20. Kh1 Ba8 21. g5 Nd7 22. Nde2 g6 23. h4 b5 24. axb5 axb5 25. h5 b4 26. Nb1 Bg7 27. hxg6 1/2-1/2

[Event "Budapest FS07 FM"]
[Site "Budapest"]
[Date "2005.07.11"]
[Round "10"]
[White "Winkelmann, Elena"]
[Black "Szilardfy, Gyula"]
[Result "1/2-1/2"]
[WhiteElo "2040"]
[BlackElo "2114"]
[PlyCount "44"]
[EventDate "2005.07.02"]
[EventType "tourn"]
[EventRounds "10"]
[EventCountry "HUN"]
[SourceTitle "CBM 107 Extra"]
[Source "ChessBase"]
[SourceDate "2005.09.01"]
[SourceVersion "1"]
[SourceVersionDate "2005.09.01"]
[SourceQuality "1"]

1. d4 Nf6 2. c4 g6 3. f3 Bg7 4. e4 d6 5. Nc3 0-0 6. Bd3 e5 7. Nge2 Nbd7 8. Qc2 a6 9. d5 Nh5 10. g4 Nf4 11. Nxf4 exf4 12. Bxf4 Ne5 13. Be2 b5 14. cxb5 axb5 15. Nxb5 Ba6 16. Nd4 Qh4+ 17. Bg3 Qf6 18. g5 Nd3+ 19. Bxd3 Qxd4 20. Bxa6 Rxa6 21. Rc1 Rxa2 22. Qxc7 Qb6 1/2-1/2

[Event "Budapest FS07 FM"]
[Site "Budapest"]
[Date "2005.07.09"]
[Round "8"]
[White "Katsuhara, Osamu"]
[Black "Szilardfy, Gyula"]
[Result "0-1"]
[WhiteElo "2029"]
[BlackElo "2114"]
[PlyCount "73"]
[EventDate "2005.07.02"]
[EventType "tourn"]
[EventRounds "10"]
[EventCountry "HUN"]
[SourceTitle "CBM 107 Extra"]
[Source "ChessBase"]
[SourceDate "2005.09.01"]
[SourceVersion "1"]
[SourceVersionDate "2005.09.01"]
[SourceQuality "1"]

1. e4 c5 2. Nf3 Nc6 3. d4 cxd4 4. Nxd4 Nf6 5. Nc3 d6 6. Bg5 e6 7. Qd2 Be7 8. 0-0-0 0-0 9. f3 a6 10. h4 Qc7 11. g4 Rd8 12. h5 Nxd4 13. Qxd4 b5 14. Be3 Rb8 15. Qd2 b4 16. Ne2 b3 17. axb3 Rxb3 18. Nd4 Rb8 19. g5 Nd7 20. g6 Ne5 21. h6 fxg6 22. hxg7 Bf6 23. Qh2 Qxg7 24. Qg2 Nf7 25. c3 Re8 26. Bc4 Ne5 27. Ba2 Qc7 28. Qe2 Qa5 29. Bb3 Bd7 30. Kc2 Ba4 31. Ra1 Rxb3 32. Nxb3 Rb8 33. Kc1 Rxb3 34. Bd4 Bb5 35. Rxa5 Bxe2 36. Kc2 Rb7 37. f4 0-1

[Event "Budapest FS05 FM-A"]
[Site "Budapest"]
[Date "2005.05.09"]
[Round "3"]
[White "Bulthaupt, Freerk"]
[Black "Szilardfy, Gyula"]
[Result "1-0"]
[WhiteElo "2180"]
[BlackElo "2123"]
[PlyCount "87"]
[EventDate "2005.05.07"]
[EventType "tourn"]
[EventRounds "10"]
[EventCountry "HUN"]
[SourceTitle "CBM 106 Extra"]
[Source "ChessBase"]
[SourceDate "2005.07.01"]
[SourceVersion "1"]
[SourceVersionDate "2005.07.01"]
[SourceQuality "1"]

1. d4 Nf6 2. Bg5 Ne4 3. Bf4 c5 4. f3 Qa5+ 5. c3 Nf6 6. d5 d6 7. e4 g6 8. Na3 Bg7 9. Qd2 0-0 10. Bh6 Bxh6 11. Qxh6 e6 12. 0-0-0 exd5 13. exd5 a6 14. Qf4 Qd8 15. g4 b5 16. h4 Ra7 17. Rh2 Re8 18. Nh3 Re5 19. Rhd2 Nbd7 20. Qh2 Nb6 21. c4 bxc4 22. Nxc4 Nxc4 23. Bxc4 Rae7 24. Nf4 Re1 25. Nd3 Rxd1+ 26. Rxd1 Re3 27. Qf2 Re8 28. Qg3 Qc7 29. Qf4 Nd7 30. Nf2 Nb6 31. Ne4 Re5 32. Nf6+ Kf8 33. Bf1 Qd8 34. Qh6+ Ke7 35. f4 Re3 36. Kd2 Bxg4 37. Nxg4 Re4 38. Qg5+ f6 39. Nxf6 Rd4+ 40. Kc2 Kf7 41. Nxh7 Qe8 42. Rxd4 cxd4 43. Bd3 Qa4+ 44. Kc1 1-0

[Event "Budapest FS04 Elo-A"]
[Site "Budapest"]
[Date "2005.04.12"]
[Round "11"]
[White "Willim, Michael"]
[Black "Szilardfy, Gyula"]
[Result "1-0"]
[WhiteElo "2099"]
[BlackElo "2123"]
[PlyCount "63"]
[EventDate "2005.04.02"]
[EventType "tourn"]
[EventRounds "11"]
[EventCountry "HUN"]
[SourceTitle "CBM 105 Extra"]
[Source "ChessBase"]
[SourceDate "2005.05.01"]
[SourceVersion "1"]
[SourceVersionDate "2005.05.01"]
[SourceQuality "1"]

1. c4 g6 2. g3 Bg7 3. Bg2 Nf6 4. Nf3 0-0 5. 0-0 d6 6. Nc3 e5 7. d3 c6 8. Rb1 a5 9. a3 Re8 10. b4 axb4 11. axb4 d5 12. b5 dxc4 13. bxc6 Nxc6 14. dxc4 Qa5 15. Nd5 Nxd5 16. cxd5 Nd4 17. Nxd4 exd4 18. e4 Ra7 19. Bb2 Qc5 20. Qd3 b6 21. Rfc1 Ba6 22. Qd2 Qa5 23. Qd1 Rea8 24. Bxd4 Bxd4 25. Qxd4 b5 26. h4 h5 27. e5 Rd7 28. Bh3 Rdd8 29. e6 Rd6 30. Qf6 Qb6 31. Qxf7+ Kh8 32. Rc7 1-0

[Event "Budapest FS04 Elo-A"]
[Site "Budapest"]
[Date "2005.04.09"]
[Round "8"]
[White "Szilardfy, Gyula"]
[Black "Csaszar, Gyula"]
[Result "1/2-1/2"]
[WhiteElo "2123"]
[BlackElo "2115"]
[PlyCount "70"]
[EventDate "2005.04.02"]
[EventType "tourn"]
[EventRounds "11"]
[EventCountry "HUN"]
[SourceTitle "CBM 105 Extra"]
[Source "ChessBase"]
[SourceDate "2005.05.01"]
[SourceVersion "1"]
[SourceVersionDate "2005.05.01"]
[SourceQuality "1"]

1. Nf3 d5 2. g3 Nc6 3. Bg2 e5 4. d3 Nf6 5. 0-0 Be7 6. c4 d4 7. b4 Nd7 8. a3 0-0 9. Nbd2 f5 10. e3 Bf6 11. exd4 Nxd4 12. Nxd4 exd4 13. f4 c6 14. Nf3 Rb8 15. Ra2 b6 16. Re2 Bb7 17. Ng5 Qc8 18. Rfe1 h6 19. Nf3 c5 20. b5 Qc7 21. Re6 Rbc8 22. Bh3 g6 23. Qe2 Rf7 24. Qf2 Nf8 25. R6e2 Kh7 26. Bg2 Rd8 27. h4 Bg7 28. Ne5 Bxe5 29. Rxe5 Rdd7 30. Re8 Rd8 31. Qe2 Nd7 32. Re6 Nf8 33. Re8 Nd7 34. Re6 Nf8 35. Re8 Nd7 1/2-1/2

[Event "Budapest FS04 Elo-A"]
[Site "Budapest"]
[Date "2005.04.03"]
[Round "2"]
[White "Bednay, Bence"]
[Black "Szilardfy, Gyula"]
[Result "1/2-1/2"]
[WhiteElo "2176"]
[BlackElo "2123"]
[PlyCount "46"]
[EventDate "2005.04.02"]
[EventType "tourn"]
[EventRounds "11"]
[EventCountry "HUN"]
[SourceTitle "CBM 105 Extra"]
[Source "ChessBase"]
[SourceDate "2005.05.01"]
[SourceVersion "1"]
[SourceVersionDate "2005.05.01"]
[SourceQuality "1"]

1. e4 c5 2. c4 Nc6 3. Nc3 g6 4. Nge2 Bg7 5. d3 Nf6 6. g3 0-0 7. Bg2 d6 8. 0-0 Ne8 9. Rb1 Nc7 10. a3 Rb8 11. b4 cxb4 12. axb4 b5 13. cxb5 Nxb5 14. Nxb5 Rxb5 15. Qa4 Qb6 16. Be3 Qa6 17. Qxa6 Bxa6 18. Rb3 Rfb8 19. Ra3 Bb7 20. Nc3 Rxb4 21. Nd5 Rb2 22. Rc1 Kf8 23. h4 h5 1/2-1/2

[Event "Budapest FS04 Elo-A"]
[Site "Budapest"]
[Date "2005.04.02"]
[Round "1"]
[White "Szilardfy, Gyula"]
[Black "Kertesz, Zsolt"]
[Result "1-0"]
[WhiteElo "2123"]
[BlackElo "2101"]
[PlyCount "51"]
[EventDate "2005.04.02"]
[EventType "tourn"]
[EventRounds "11"]
[EventCountry "HUN"]
[SourceTitle "CBM 105 Extra"]
[Source "ChessBase"]
[SourceDate "2005.05.01"]
[SourceVersion "1"]
[SourceVersionDate "2005.05.01"]
[SourceQuality "1"]

1. Nf3 g6 2. g3 Bg7 3. Bg2 Nf6 4. 0-0 0-0 5. d3 d6 6. e4 c5 7. Re1 Nc6 8. c3 Rb8 9. Na3 b5 10. Nc2 a5 11. d4 cxd4 12. cxd4 d5 13. e5 Ne4 14. Ng5 Bf5 15. Nxe4 Bxe4 16. Bxe4 dxe4 17. Rxe4 Qd5 18. Re1 Rbd8 19. Be3 f6 20. exf6 Bxf6 21. Qe2 e5 22. dxe5 Nxe5 23. Nd4 Qb7 24. Bf4 Rxd4 25. Bxe5 Re4 26. Qxe4 1-0